Pokémon - Attacken von Luxtra in KA/PU - Statistiken

Allgemein
  • Dieses Quiz wurde 2 mal gespielt
  • Das Durchschnittsergebnis liegt bei 27 aus 57
Antwortstatistiken
Antwort % Korrekt
Bodycheck
100%
Delegator
100%
Donner
100%
Donnerblitz
100%
Donnerschock
100%
Donnerwelle
100%
Donnerzahn
100%
Eiszahn
100%
Feuerzahn
100%
Hyperstrahl
100%
Ladestrahl
100%
Risikotackle
100%
Schutzschild
100%
Stromstoß
100%
Tackle
100%
Wegbereiter
100%
Agilität
50%
Angeberei
50%
Ausdauer
50%
Biss
50%
Bodyslam
50%
Donnerstoß
50%
Elektroball
50%
Elektrofeld
50%
Erholung
50%
Gigastoß
50%
Grimasse
50%
Knirscher
50%
Knuddler
50%
Ladevorgang
50%
Ladungsstoß
50%
Lichtschild
50%
Psychobeißer
50%
Raub
50%
Regentanz
50%
Sonnentag
50%
Tera-Ausbruch
50%
Brüller
0%
Doppelkick
0%
Elektronetz
0%
Fassade
0%
Funkensprung
0%
Jauler
0%
Konfusstrahl
0%
Kulleraugen
0%
Mystowellen
0%
Nachthieb
0%
Neck Strike
0%
Rechte Hand
0%
Ruckzuckhieb
0%
Schlafrede
0%
Schockwelle
0%
Silberblick
0%
Standpauke
0%
Sternschauer
0%
Trugträne
0%
Voltwechsel
0%
Keine übereinstimmenden Quizze gefunden
Verteilung der Resultate
Anzahl Personen mit jedem Resultat
Perzentil nach korrekt beantworteten Fragen
Ihre Resultats-Entwicklung
Sie haben dieses Quiz noch nicht gespielt